ბათუმის შოთა რუსთაველის სახელმწიფო უნივერსიტეტის ბიბლიოთეკა

English Unlimited Elementary : (ბიბ.ჩანაწერი № 57562)

000 -LEADER
fixed length control field 00831nam a22002297a 4500
005 - DATE AND TIME OF LATEST TRANSACTION
control field 20200731115042.0
008 - FIXED-LENGTH DATA ELEMENTS--GENERAL INFORMATION
fixed length control field 200731s2013 eng||||| |||| 00| 0 enk d
020 ## - INTERNATIONAL STANDARD BOOK NUMBER
International Standard Book Number 9780521697767
041 ## - LANGUAGE CODE
Language code of text/sound track or separate title enk
080 ## - UNIVERSAL DECIMAL CLASSIFICATION NUMBER
Universal Decimal Classification number 811.111.1 E-56
100 ## - MAIN ENTRY--PERSONAL NAME
Personal name
9 (RLIN) 9085
245 ## - TITLE STATEMENT
Title English Unlimited Elementary :
Remainder of title A2. Elementary Teacher's Pack /
Statement of responsibility, etc. Adrian Doff , Mark Lloyd, Rachel Trake, Cathy Brabben.
264 ## - PRODUCTION, PUBLICATION, DISTRIBUTION, MANUFACTURE, AND COPYRIGHT NOTICE
Place of production, publication, distribution, manufacture Cambridge :
Name of producer, publisher, distributor, manufacturer Cambridge University Press,
Date of production, publication, distribution, manufacture, or copyright notice 2013.
300 ## - PHYSICAL DESCRIPTION
Extent 128 p.
Other physical details 30 cm.
Dimensions ill. +CD
653 ## - INDEX TERM--UNCONTROLLED
keyword ინგლისური ენა
653 ## - INDEX TERM--UNCONTROLLED
keyword გრამატიკა
700 ## - ADDED ENTRY--PERSONAL NAME
Personal name Doff, Adrian
Relator term ავტორი
9 (RLIN) 9086
700 ## - ADDED ENTRY--PERSONAL NAME
Personal name Lloyd, Mark
Relator term ავტორი
9 (RLIN) 9087
700 ## - ADDED ENTRY--PERSONAL NAME
Personal name Trake, Rachel
Relator term ავტორი
9 (RLIN) 9088
700 ## - ADDED ENTRY--PERSONAL NAME
Personal name Brabben, Cathy
Relator term ავტორი
9 (RLIN) 9089
942 ## - ADDED ENTRY ELEMENTS (KOHA)
Source of classification or shelving scheme
Koha item type წიგნი
ეგზემპლარები
Withdrawn status Lost status Source of classification or shelving scheme Damaged status Not for loan Permanent Location Current Location Shelving location Date acquired Cost, normal purchase price Full call number Barcode Date last seen Copy number Price effective from Koha item type Public note
          ბათუმის შოთა რუსთაველის სახელმწიფო უნივერსიტეტის მთავარი ბიბლიოთეკა ბათუმის შოთა რუსთაველის სახელმწიფო უნივერსიტეტის მთავარი ბიბლიოთეკა წიგნსაცავი 2020-07-31 90.00 811.111.1 E-56 60743 2020-07-31 60743 2020-07-31 წიგნი 90 ლ.